| 000 | 01088cab a22002175a 4500 | ||
|---|---|---|---|
| 001 | L151167 | ||
| 008 | 101005e20101002xxk 000 0 eng d | ||
| 035 | _a(Sirsi) u151167 | ||
| 041 | 0 | _aeng | |
| 100 | 1 | _aThame, David | |
| 245 | 0 | 0 |
_aFocus _bBerks, Bucks and Oxfordshire |
| 260 | _c2010 | ||
| 490 |
_aEstates Gazette _v(1039) 2 October 2010, 89-102(11) |
||
| 520 | _aPinewood Studio's plans to build a film studio and housing scheme on green belt land at Iver Heath. Comments on how how towns along the Thames Valley Corridor such as Reading, Milton Keynes, Oxford, High Wycombe, Slough and Bracknell are dealing with the economic downturn. Following the Coalition Government's abolition of Regional Spatial Strategies assesses the affect on planning and house building targets. Review office, industrial and retail take-up, availability and rents along the Western Corridor and Thames Valley. | ||
| 590 | _aKA | ||
| 651 | 4 | _aBuckinghamshire | |
| 651 | 4 | _aBerkshire | |
| 651 | 4 | _aOxfordshire | |
| 690 | _aPROPERTY-COMMERCIAL PROPERTY-COMMERCIAL PROPERTY MARKET | ||
| 942 | _n0 | ||
| 999 |
_c82719 _d82719 |
||